| 000 | 00405nam a22001697a 4500 | ||
|---|---|---|---|
| 003 | SGT | ||
| 020 | _a9788195001668 | ||
| 082 |
_a614 _bN22K |
||
| 100 | _aKISHORE, J. | ||
| 245 | _aNATIONAL HEALTH PROGRAMS OF INDIA | ||
| 250 | _a14TH | ||
| 260 |
_aINDIA _bCENTURY PUB _c2022 |
||
| 300 | _a1038 | ||
| 650 | _aCOMMUNITY MEDICINE | ||
| 653 | _aNATIONAL HEALTH PROGRAMS OF INDIA | ||
| 942 |
_2ddc _cBK _017 |
||
| 999 |
_c25112 _d25112 |
||